Síndrome de Down: biología, desarrollo y educación, nuevas perspectivas

-д хадгалсан:
Номзүйн дэлгэрэнгүй
Үндсэн зохиолчид: Flórez, Jesús (Зохиогч), Troncoso, María Victoria (Зохиогч), Dierssen, Mara (Зохиогч)
Формат: Ном
Хэл сонгох:испани
Хэвлэсэн: Barcelona Masson 1997
Нөхцлүүд:
Шошгууд: Шошго нэмэх
Шошго байхгүй, Энэхүү баримтыг шошголох эхний хүн болох!

MARC

LEADER 00000nam a2200000 a 4500
001 UCO5206
003 CL-VaPUC
008 000825e19970000SP |||||||||||||||||spa|d
082 0 4 |a 616.858  |b FLO  |2 21 
100 0 |a Flórez, Jesús  |e author  |9 449979 
700 0 |a Troncoso, María Victoria  |e author  |9 449980 
700 0 |a Dierssen, Mara  |e author  |9 449981 
245 1 0 |a Síndrome de Down: biología, desarrollo y educación, nuevas perspectivas 
300 |a 248 p 
942 |c BK 
945 |d 20000825 00:00:00  |a vberengu 
260 |a Barcelona  |b Masson  |c 1997 
650 0 |a Deficiencia mental  |9 334734 
650 0 |a Desarrollo del niño  |9 336460 
650 7 |a MINUSVALIDOS  |2 CL-VaPUC  |9 310184 
650 0 |a Educación especial  |9 307486 
650 0 |a Minusválidos mentales  |9 311830 
583 |a last modification  |c 20170911 12:42:09  |k Rodrigo Vera 
999 |c 291150  |d 291148 
952 |0 0  |1 0  |4 0  |6 616_858000000000000_FLO_1997  |7 0  |8 A  |9 340867  |a BIBEDU  |b BIBEDU  |d 2019-11-20  |i 3647137  |o 616.858 FLO 1997  |p 3647137  |r 2019-11-20  |w 2019-11-20  |y BK  |k BME